[Event "Gibraltar Challengers op-A"]
[Site "Caleta"]
[Date "2020.01.23"]
[Round "4"]
[White "Martinez Lopez, Jaime"]
[Black "O'Neil, Jim"]
[Result "1/2-1/2"]
[WhiteElo "2042"]
[BlackElo "1870"]
[PlyCount "81"]
[EventDate "2020.01.20"]
[EventType "swiss"]
[EventRounds "5"]
[EventCountry "GGB"]
[SourceTitle "CBM 194 Extra"]
[Source "ChessBase"]
[SourceDate "2020.03.31"]
[SourceVersion "1"]
[SourceVersionDate "2020.03.31"]
[SourceQuality "1"]

1. d4 f5 2. Bg5 h6 3. Bh4 g5 4. Bg3 Nf6 5. h4 g4 6. h5 d6 7. Nc3 Be6 8. Qd3 Qd7 9. e4 fxe4 10. Nxe4 Nxe4 11. Qxe4 c6 12. Bd3 Na6 13. Qe2 Bf5 14. Bxf5 Qxf5 15. Bxd6 0-0-0 16. Be5 Rg8 17. 0-0-0 Nb4 18. Kb1 Bg7 19. f4 gxf3 20. Nxf3 Bf6 21. Nh4 Qe6 22. b3 Nd5 23. Qc4 Bxe5 24. Rde1 Rg3 25. Rxe5 Qg4 26. Nf5 Rc3 27. Qe2 Rxb3+ 28. Ka1 Qxe2 29. Rxe2 Ra3 30. Kb2 Rxa2+ 31. Kb3 Ra5 32. Nxh6 Nf6 33. Re5 Rdd5 34. Nf7 Rdb5+ 35. Kc3 Ra3+ 36. Kd2 Rxe5 37. Nxe5 Ne4+ 38. Ke2 Ng3+ 39. Kd2 Ne4+ 40. Ke2 Ng3+ 41. Kd2 1/2-1/2

[Event "Gibraltar Challengers-B"]
[Site "Caleta"]
[Date "2018.01.30"]
[Round "4"]
[White "Panday, Sohrab1"]
[Black "O'Neil, Jim"]
[Result "0-1"]
[WhiteElo "1938"]
[BlackElo "1904"]
[PlyCount "37"]
[EventDate "2018.01.27"]
[EventType "swiss"]
[EventRounds "5"]
[EventCountry "GGB"]
[SourceTitle "EXT 2019"]
[Source "ChessBase"]
[SourceDate "2018.10.10"]
[SourceVersion "1"]
[SourceVersionDate "2018.10.10"]
[SourceQuality "1"]

1. d4 Nf6 2. Bf4 c5 3. e3 Qb6 4. Nc3 Qxb2 5. Nb5 Nd5 6. Rb1 Qxa2 7. Bxb8 Qa5+ 8. c3 Rxb8 9. dxc5 a6 10. Qxd5 axb5 11. Qe5 Ra8 12. Bd3 b6 13. Rxb5 Qa3 14. Ne2 bxc5 15. 0-0 d6 16. Qe4 g6 17. Rfb1 Qa7 18. Qc6+ Bd7 19. Qxa8+ 0-1

[Event "Gibraltar Challengers-B"]
[Site "Caleta"]
[Date "2018.01.28"]
[Round "2"]
[White "O'Neil, Jim"]
[Black "Weeramantry, Sunil"]
[Result "1-0"]
[WhiteElo "1904"]
[BlackElo "2029"]
[PlyCount "117"]
[EventDate "2018.01.27"]
[EventType "swiss"]
[EventRounds "5"]
[EventCountry "GGB"]
[SourceTitle "EXT 2019"]
[Source "ChessBase"]
[SourceDate "2018.10.10"]
[SourceVersion "1"]
[SourceVersionDate "2018.10.10"]
[SourceQuality "1"]

1. e4 g6 2. d4 Bg7 3. c4 d6 4. Nc3 Nf6 5. f3 0-0 6. Be3 Nc6 7. Qd2 Re8 8. 0-0-0 e5 9. d5 Nd4 10. Nge2 c5 11. dxc6 bxc6 12. Nxd4 exd4 13. Bxd4 Qa5 14. Kb1 Rb8 15. Nd5 Qd8 16. Nxf6+ Bxf6 17. Bxf6 Qxf6 18. Qd4 Re5 19. b3 d5 20. cxd5 cxd5 21. exd5 Bf5+ 22. Kb2 Rd8 23. Bc4 Qd6 24. g4 Bc8 25. h4 a5 26. h5 g5 27. Rhe1 Rde8 28. Rxe5 Rxe5 29. h6 a4 30. Re1 a3+ 31. Kc2 f6 32. Rxe5 fxe5 33. Qa7 Bd7 34. Qa8+ Kf7 35. Qh8 Qxh6 36. Qxe5 Qg6+ 37. Bd3 Qb6 38. d6 Qf2+ 39. Qe2 Qxe2+ 40. Bxe2 Ke6 41. Kc3 Kxd6 42. Kb4 Ke5 43. Kc5 Kf4 44. Kd4 Bc6 45. b4 Bxf3 46. Bxf3 Kxf3 47. b5 h5 48. b6 hxg4 49. b7 g3 50. b8Q g2 51. Qb3+ Kf2 52. Qe3+ Kf1 53. Qf3+ Kg1 54. Ke3 Kh2 55. Qh5+ Kg1 56. Qxg5 Kf1 57. Qf5+ Kg1 58. Kf3 Kh1 59. Qh3+ 1-0

[Event "Gibraltar Challenger op-B"]
[Site "Caleta"]
[Date "2017.02.01"]
[Round "5"]
[White "Lopez de Turiso, Jose Angel"]
[Black "O'Neil, Jim"]
[Result "1-0"]
[WhiteElo "2019"]
[BlackElo "1950"]
[PlyCount "45"]
[EventDate "2017.01.28"]
[EventType "swiss"]
[EventRounds "5"]
[EventCountry "GGB"]
[SourceTitle "EXT 2018"]
[Source "ChessBase"]
[SourceDate "2017.10.13"]
[SourceVersion "1"]
[SourceVersionDate "2017.10.13"]
[SourceQuality "1"]

1. e4 c5 2. c3 e6 3. d4 d5 4. exd5 exd5 5. Nf3 Nc6 6. Be2 Nf6 7. 0-0 Be7 8. dxc5 Bxc5 9. Nbd2 0-0 10. Nb3 Bb6 11. Nbd4 Ne4 12. h3 Qd6 13. Be3 Qg6 14. Nxc6 bxc6 15. Bxb6 axb6 16. Ne5 Qd6 17. Nf3 Re8 18. Bd3 Qh6 19. Re1 Bf5 20. Nd4 Bc8 21. f3 Bxh3 22. fxe4 dxe4 23. Bxe4 1-0

[Event "SCO-ch 122nd"]
[Site "Edinburgh"]
[Date "2015.07.18"]
[Round "8"]
[White "Heron, Donald"]
[Black "O'Neil, Jim"]
[Result "1-0"]
[WhiteElo "1714"]
[BlackElo "1967"]
[PlyCount "95"]
[EventDate "2015.07.11"]
[EventType "swiss"]
[EventRounds "9"]
[EventCountry "SCO"]
[SourceTitle "CBM 167 Extra"]
[Source "ChessBase"]
[SourceDate "2015.09.14"]
[SourceVersion "1"]
[SourceVersionDate "2015.09.14"]
[SourceQuality "1"]

1. c4 b6 2. Nc3 e6 3. e4 Bb7 4. Nge2 c5 5. g3 Nc6 6. Bg2 g6 7. 0-0 Bg7 8. d3 d6 9. Be3 Nge7 10. Qd2 0-0 11. f4 Qd7 12. d4 cxd4 13. Nxd4 Rfd8 14. Rad1 Nxd4 15. Bxd4 Bxd4+ 16. Qxd4 Nc6 17. Qe3 Qe7 18. Rd2 Rd7 19. Rfd1 Rad8 20. Qf2 Na5 21. b3 Bc6 22. Bf3 h5 23. Qg2 Qf6 24. e5 dxe5 25. Rxd7 Rxd7 26. Bxc6 Rxd1+ 27. Nxd1 exf4 28. Bf3 e5 29. gxf4 e4 30. Bxe4 Qd4+ 31. Nf2 Qa1+ 32. Qf1 Qxa2 33. Qd3 Nxb3 34. Bd5 Kg7 35. Qc3+ f6 36. Qe3 Qa3 37. Kg2 Qb4 38. f5 Na5 39. Qe8 gxf5 40. Qf7+ Kh6 41. Qxf6+ Kh7 42. Qxf5+ Kg7 43. Qf7+ Kh6 44. Qf6+ Kh7 45. Qf5+ Kg7 46. Qxh5 Qe7 47. Ne4 Nxc4 48. Qg4+ 1-0

[Event "SCO-ch 118th"]
[Site "Edinburgh"]
[Date "2011.07.17"]
[Round "9"]
[White "Will, Douglas"]
[Black "O'Neil, Jim"]
[Result "1/2-1/2"]
[WhiteElo "1946"]
[BlackElo "1980"]
[PlyCount "46"]
[EventDate "2011.07.09"]
[EventType "swiss"]
[EventRounds "9"]
[EventCountry "SCO"]
[SourceTitle "CBM 143 Extra"]
[Source "ChessBase"]
[SourceDate "2011.08.29"]
[SourceVersion "1"]
[SourceVersionDate "2011.08.29"]
[SourceQuality "1"]

1. e4 c5 2. Nc3 Nc6 3. f4 a6 4. g3 b5 5. Bg2 Bb7 6. Nf3 e6 7. 0-0 Nge7 8. d3 Qc7 9. Qe2 Nd4 10. Qf2 Nec6 11. Be3 Nxf3+ 12. Bxf3 d6 13. Nd1 Be7 14. c3 e5 15. Bg2 f6 16. Bh3 Bc8 17. Bxc8 Rxc8 18. Qf3 Bd8 19. Qh5+ Qf7 20. Qxf7+ Kxf7 21. Bf2 Bb6 22. Ne3 Ne7 23. Rad1 Rhd8 1/2-1/2

[Event "SCO-ch 118th"]
[Site "Edinburgh"]
[Date "2011.07.13"]
[Round "5"]
[White "Campbell, Eoin S"]
[Black "O'Neil, Jim"]
[Result "0-1"]
[WhiteElo "1876"]
[BlackElo "1980"]
[PlyCount "88"]
[EventDate "2011.07.09"]
[EventType "swiss"]
[EventRounds "9"]
[EventCountry "SCO"]
[SourceTitle "CBM 143 Extra"]
[Source "ChessBase"]
[SourceDate "2011.08.29"]
[SourceVersion "1"]
[SourceVersionDate "2011.08.29"]
[SourceQuality "1"]

1. Nf3 Nf6 2. c4 g6 3. g3 Bg7 4. Bg2 0-0 5. 0-0 Nc6 6. d4 Rb8 7. Nc3 a6 8. d5 Na5 9. c5 d6 10. cxd6 cxd6 11. Nd4 e5 12. dxe6 fxe6 13. Bg5 h6 14. Bxf6 Qxf6 15. e3 d5 16. Qa4 Nc6 17. Nxc6 bxc6 18. Qa3 e5 19. e4 d4 20. Na4 Rf7 21. Rac1 Bf8 22. Qd3 c5 23. Nxc5 Bxc5 24. Rxc5 Bd7 25. Qd2 Bb5 26. Rfc1 Kg7 27. Bf1 Bxf1 28. Kxf1 Qf3 29. Kg1 Qxe4 30. Re1 Rxb2 31. Rxe4 Rxd2 32. Rcxe5 Rdxf2 33. Rxd4 Rxa2 34. Red5 a5 35. Rd6 a4 36. h4 Rb7 37. Rd7+ Rxd7 38. Rxd7+ Kf6 39. Rd6+ Kf5 40. g4+ Kxg4 41. Rxg6+ Kh5 42. Ra6 a3 43. Kh1 Kg4 44. Rxh6 Kh3 0-1

[Event "SCO-ch 118th"]
[Site "Edinburgh"]
[Date "2011.07.10"]
[Round "2"]
[White "O'Neil, Jim"]
[Black "MacRae, James"]
[Result "1-0"]
[WhiteElo "1980"]
[BlackElo "1744"]
[PlyCount "31"]
[EventDate "2011.07.09"]
[EventType "swiss"]
[EventRounds "9"]
[EventCountry "SCO"]
[SourceTitle "CBM 143 Extra"]
[Source "ChessBase"]
[SourceDate "2011.08.29"]
[SourceVersion "1"]
[SourceVersionDate "2011.08.29"]
[SourceQuality "1"]

1. e4 Nc6 2. Nf3 d6 3. Bc4 e5 4. d4 exd4 5. 0-0 Nf6 6. Ng5 d5 7. exd5 Na5 8. Qe1+ Be7 9. Qxa5 b6 10. Qa4+ Nd7 11. Nxf7 Kxf7 12. d6+ Kf8 13. dxe7+ Qxe7 14. Bd5 Nc5 15. Qxd4 Be6 16. Bxa8 1-0

[Event "Edinburgh op"]
[Site "Edinburgh"]
[Date "2011.04.02"]
[Round "3"]
[White "O'Neil, Jim"]
[Black "Shaw, John"]
[Result "0-1"]
[WhiteElo "2001"]
[BlackElo "2439"]
[PlyCount "54"]
[EventDate "2011.04.01"]
[EventType "swiss"]
[EventRounds "5"]
[EventCountry "SCO"]
[SourceTitle "EXT 2013"]
[Source "ChessBase"]
[SourceDate "2012.11.22"]
[SourceVersion "1"]
[SourceVersionDate "2012.11.22"]
[SourceQuality "1"]

1. e4 d6 2. d4 Nf6 3. f3 Nbd7 4. c4 e5 5. Be3 c6 6. Nc3 Be7 7. Qd2 0-0 8. 0-0-0 a6 9. d5 cxd5 10. exd5 Qa5 11. a3 Nc5 12. Bxc5 Qxc5 13. Kb1 Bd7 14. Bd3 b5 15. b4 Qa7 16. c5 dxc5 17. d6 Bxd6 18. Be4 Be7 19. Bxa8 Rxa8 20. Nd5 Nxd5 21. Qxd5 Bf5+ 22. Kb2 cxb4 23. axb4 Rc8 24. Rd2 Bxb4 25. Qxe5 Bxd2 26. Qxf5 Qd4+ 27. Ka2 Qa4+ 0-1